000 02508nam0a22003491 4500
001 v19\rc\1568165
005 20260405144411.0
035 _a(NLR Aleph) 005236653
090 _a5661345
_c5661345
100 _a20061002d1892 |||y0rusy50 ca
101 0 _arus
102 _aRU
105 _ac z |||ab
200 1 _aТретья книжка рассказов
_eС прил. 2 портр. и биогр., напис. А.М. Скабичевским
_f[Всеволод Гаршин]
205 _a2-е изд.
210 _aСанкт-Петербург
_cКом. "О-ва для пособия нуждающимся литераторам и ученым"
_d1892
215 _a[4], 260 с., 2 л. портр.
_d18
327 0 _aСодержание: Предисловие. Биография В.М. Гаршина. Лягушка путешественница. Сказание о гордом Аггее. Сигнал. Стихотворения. Аясларское дело. Очень короткий роман. Петербургские письма. Статьи по художественной критике
464 0 _12001#$aПредисловие
_tПредисловие
464 0 _12001#$aБиография В.М. Гаршина$fА.М. Скабичевский
_1700#1$3RU\NLR\AUTH\7760007$7ca$aСкабичевский$bА. М.$f1838-1910$gАлександр Михайлович
_tБиография В.М. Гаршина
_aСкабичевский, Александр Михайлович (1838-1910)
464 0 _12001#$aЛягушка путешественница$aСказание о гордом Аггее$aСигнал$aСтихотворения$aАясларское дело$aОчень короткий роман$aПетербургские письма$aСтатьи по художественной критике
_tСтатьи по художественной критике
532 1 3 _aТретья книжка рассказов
700 1 _7ca
_8rus
_aГаршин
_bВ. М.
_f1855-1888
_gВсеволод Михайлович
_964
_3RU\NLR\AUTH\7716972
702 1 _4570
_7ca
_8rus
_aСкабичевский
_bА. М.
_f1838-1910
_gАлександр Михайлович
_942938
_3RU\NLR\AUTH\7760007
801 0 _aRU
_bNLR
_c20061002
_gpsbo
801 0 _aRU
_bRuMoRGB
_c20061002
_2psbo
801 1 _aRU
_bProSoft-M
_c20061002
_2rusmarc
801 2 _aRU
_bNLR
_c20100616
_2rusmarc
852 _aNLR
_j18.220.6.48
942 _cBOOK
980 _aNB